| 000 | 00722nam a22002177a 4500 | ||
|---|---|---|---|
| 005 | 20170124110140.0 | ||
| 010 | _a600728 | ||
| 020 | _c00.00 | ||
| 035 | _a600728 | ||
| 037 | _bCen Lib/Ret | ||
| 040 |
_aDPL _bEN |
||
| 082 |
_a951.5 _bCUN |
||
| 100 |
_aCunningham, Alexander _932649 |
||
| 245 |
_aLadák : _cby Alexander Cunningham _bphysical, statistical, and historical : with notices of the surrounding countries / |
||
| 260 |
_aNew Delhi _bSagar Publications _c1970 |
||
| 270 |
_aVed Mansion, 72, Janpath _bNew Delhi _e110001 |
||
| 300 |
_axii,485p. : _c22cm(Hb) _bcol. ill. |
||
| 650 |
_aLadakhi (South Asian people) _932650 |
||
| 650 |
_aIndia--Ladākh _930010 |
||
| 942 |
_2ddc _cEN _h951.5 _mCUN |
||
| 999 |
_c131744 _d131744 |
||